000 00848nam a2200253Ia 4500
003 OSt
005 20221005113016.0
006 a|||||r|||| 00| 0
007 ta
008 221004b |||||||| |||| 00| 0 pan d
020 _a9788171166756
024 _a27654
037 _bGift, 02/09/2016,
_cTextual
040 _aCRL
_cCRL
_bpan
041 _2pan
_apan
082 _aO153,2N371,HN, Q6
100 _aਰਵੀ, ਰਵਿੰਦਰ
245 0 _aਹੋ੍ਵਦ ਨਿਹੋ੍ਵਦ (ਕਾਵਿ-ਨਾਟਕ
_b 2016)
260 _aਦਿੱਲੀ
_bਨੈFਨਲ ੁਬੁਕ Fਾਪ ਭਾਰਤ
_c2016
300 _a216ਪੰ੍ਰ
_ccm.
650 _aਪੰਜਾਬੀ ਸਾਹਿਤ
942 _hO153,2N371,HN, Q6
_cTEXL
_2cc
999 _c1026739
_d1026739